Affrontez l'Alphabet #10 - Statistiques

Statistiques générales
  • Ce quiz a été pris 127 fois
  • Le résultat moyen est 5 sur 11
Statistiques - réponses
Hint Réponse % Correct
Donne les 2 lettres manquantes dans le nom de cette huile sur toile d'Eugène Delacroix réalisée en 1830 : La _i_erté guidant le peuple
LB / BL
100%
Donne les 2 lettres qui complètent le nom de ce film de 2012 : Dark Shad_ _s
OW / WO
94%
Donne les 2 lettres qui complètent le nom de cette émission télévisé créé en 1965 par Guy Lux et Claude Savarit et diffusé par les chaînes de vingt pays européens : _eu_ sans frontières
:
JX / XJ
66%
Donne les 2 lettres qui complètent les paroles de la chanson Belle de Daniel Lavoie : J'ai posé mes yeux sous sa robe de gitane À quoi me sert encore de prier Notre-Dame Quel est celui qui lui jettera la première pierre? Celui-là ne mérite pas d'être sur terre Ô L_ci_er! Ô laisse-moi rien qu'une fois Glisser mes doigts dans les cheveux d'Esmeralda UF / FU
60%
Donne les 2 lettres manquantes dans le nom de cette mini-série TV de 10 épisodes de 2001 en vo : Ba_ _ of Brothers
ND / DN
51%
Donne les 2 lettres manquantes dans le nom de ce cocktail officiel de type short drink qui peut se servir en apéritif, à base de whiskey, vermouth rouge, et d'amer : _an_attan
MH / HM
50%
Donne les 2 lettres manquantes du nom de l'unité monétaire de la Pologne (en 2025) : _lot_ ZY / YZ
34%
Donne les 2 lettres qui complètent le nom de la franchise de Hockey Sur Glace de NHL représentée ci-dessous : _ _ngs de Los Angeles
KI / IK
28%
Donne les 2 lettres manquantes dans le nom de cet État du Brésil en rouge : Mato _ _osso
GR / RG
23%
Donne les 2 lettres manquantes de la locution latine qui veut dire « Le commun des mortels. » : _ulgum P_cus VE / EV
10%
Dernière Question : Donne la première lettre du nom du constructeur automobile dont voici le logo :
C (Cupra)
8%
Aucun quiz correspondant
Distribution des résultats
% des personnes avec chaque résultat
Percentile par nombre de réponses
Votre historique - résultats
Vous n’avez pas pris ce quiz